| 000 | 00743nam a2200217Ia 4500 | ||
|---|---|---|---|
| 005 | 20230720145013.0 | ||
| 008 | 131103s9999 xx 000 0 und d | ||
| 020 |
_a8185094756 _cRs. 175 |
||
| 040 | _aLoreto College | ||
| 041 | _aEnglish | ||
| 082 |
_a954 _bCHA |
||
| 100 | _aChattopadhyay, Bhaskar | ||
| 245 | 3 |
_aAn Introduction to the maritime history of India _b with special reference to the Bay of Bengal (pre-modern period) _cBhaskar Chattopadhyay |
|
| 260 |
_aCalcutta _bPunthi Pustak _c1994 |
||
| 300 |
_axv,153 p. _b folded maps |
||
| 504 | _aIncludes bibliographical references and index | ||
| 650 | _aBay of Bengal Histoy | ||
| 651 | _aNarigation India - History - India - Commercial Policy | ||
| 850 | _aLCLIB | ||
| 942 | _cBK | ||
| 999 |
_c6115 _d56594 |
||